Visual Foxpro for Windows version 5.0

שמור ב:
מידע ביבליוגרפי
מחבר ראשי: Nguyễn Trường Long
פורמט: ספר
שפה:Undetermined
יצא לאור: Tp. HCM Trẻ 1998
נושאים:
תגים: הוספת תג
אין תגיות, היה/י הראשונ/ה לתייג את הרשומה!
Thư viện lưu trữ: Trung tâm Học liệu Trường Đại học Cần Thơ
LEADER 00575nam a2200193Ia 4500
001 CTU_22559
008 210402s9999 xx 000 0 und d
020 |b 29,500đ 
082 |a 005.3 
082 |b L431 
100 |a Nguyễn Trường Long 
245 0 |a Visual Foxpro for Windows version 5.0 
245 0 |c Nguyễn Trường Long 
260 |a Tp. HCM 
260 |b Trẻ 
260 |c 1998 
650 |a foxpro( computer program language ),management - computer programs 
904 |i Minh, 980515 
980 |a Trung tâm Học liệu Trường Đại học Cần Thơ